000 00468nam a2200169 i 4500
001 141530
003 ES-MaACL
005 20230906200319.0
007 t|
008 070925s1953 sp ||||1| spa d
080 _a86-14"19"
100 1 _aVillellas Pastor, José.
_9115236
245 1 0 _aDe la vida y del dolor /
_cJosé Villellas Pastor.
260 _aMadrid :
_bEdiciones Ensayos,
_c1953.
300 _a57 p. ;
_c15 cm.
852 _aES-MaACL
_j1938-F-5
_bR.34553
999 _c141530
_d141530